200km内人口最多的县级行政区(点位地图版) - Statistics

General Stats
  • This quiz has been taken 15 times
  • The average score is 50 of 80
Answers on the Map
Answers color-coded by a green-red scale on the quiz's map according to % correct below.
 
Answer Stats
省级行政区 人口 地级行政区 县级行政区 % Correct
重庆市 1564449 (直辖) 万州区
100%
重庆市 2191493 (直辖) 渝北区
100%
北京市 3452460 (直辖) 朝阳区
93%
吉林省 1074628 长春市 朝阳区
93%
上海市 5681512 (直辖) 浦东新区
93%
山东省 1640000 济南市 历城区
93%
吉林省 686136 延边朝鲜族自治州 延吉市
86%
黑龙江省 54036 大兴安岭地区 漠河市
86%
江西省 1452502 南昌市 南昌县
86%
广东省 4476554 深圳市 宝安区
86%
海南省 1794 三沙市 西沙区
86%
海南省 639 三沙市 南沙区
86%
四川省 2659829 成都市 双流区
79%
云南省 1602279 昆明市 官渡区
79%
云南省 642737 西双版纳傣族自治州 景洪市
79%
西藏自治区 478275 拉萨市 城关区
79%
甘肃省 1484016 兰州市 城关区
79%
新疆维吾尔自治区 779352 巴音郭楞蒙古自治州 库尔勒市
79%
内蒙古自治区 35756 阿拉善盟 额济纳旗
71%
福建省 2061551 泉州市 晋江市
71%
湖南省 1526641 长沙市 岳麓区
71%
广东省 1503737 茂名市 电白区
71%
四川省 955041 凉山彝族自治州 西昌市
71%
陕西省 2046737 西安市 雁塔区
71%
陕西省 967639 榆林市 榆阳区
71%
甘肃省 185231 酒泉市 敦煌市
71%
青海省 221863 海西蒙古族藏族自治州 格尔木市
71%
青海省 88227 海西蒙古族藏族自治州 德令哈市
71%
青海省 18856 海西蒙古族藏族自治州 茫崖市
71%
新疆维吾尔自治区 569388 哈密市 伊州区
71%
新疆维吾尔自治区 715319 阿克苏地区 阿克苏市
71%
新疆维吾尔自治区 530328 阿克苏地区 库车市
71%
新疆维吾尔自治区 778047 伊犁哈萨克自治州 伊宁市
71%
新疆维吾尔自治区 221454 阿勒泰地区 阿勒泰市
71%
山西省 1357242 太原市 小店区
64%
内蒙古自治区 921808 通辽市 科尔沁区
64%
内蒙古自治区 365012 呼伦贝尔市 海拉尔区
64%
内蒙古自治区 75794 锡林郭勒盟 二连浩特市
64%
辽宁省 1798458 大连市 甘井子区
64%
黑龙江省 1390679 哈尔滨市 南岗区
64%
黑龙江省 223832 黑河市 爱辉区
64%
江西省 1123276 赣州市 章贡区
64%
湖北省 2554403 武汉市 洪山区
64%
西藏自治区 31052 阿里地区 噶尔县
64%
甘肃省 885277 武威市 凉州区
64%
甘肃省 519096 张掖市 甘州区
64%
青海省 141308 玉树藏族自治州 玉树市
64%
山西省 1105699 大同市 平城区
57%
内蒙古自治区 349953 锡林郭勒盟 锡林浩特市
57%
辽宁省 1335935 沈阳市 铁西区
57%
河南省 2145588 郑州市 金水区
57%
西藏自治区 33006 那曲市 尼玛县
57%
西藏自治区 10881 那曲市 双湖县
57%
新疆维吾尔自治区 1011440 乌鲁木齐市 新市区
57%
新疆维吾尔自治区 43045 巴音郭楞蒙古自治州 若羌县
57%
山东省 1940000 临沂市 兰山区
50%
河南省 1247807 南阳市 邓州市
50%
广西壮族自治区 1643819 南宁市 西乡塘区
50%
云南省 1349795 昭通市 镇雄县
50%
西藏自治区 158290 日喀则市 桑珠孜区
50%
西藏自治区 84254 林芝市 巴宜区
50%
宁夏回族自治区 808282 银川市 兴庆区
50%
新疆维吾尔自治区 69236 巴音郭楞蒙古自治州 且末县
50%
新疆维吾尔自治区 860800 喀什地区 莎车县
50%
云南省 903081 保山市 隆阳区
43%
西藏自治区 148511 昌都市 卡若区
43%
西藏自治区 104490 那曲市 色尼区
43%
甘肃省 656689 天水市 秦州区
43%
内蒙古自治区 706312 赤峰市 松山区
36%
内蒙古自治区 582206 巴彦淖尔市 临河区
36%
黑龙江省 414090 佳木斯市 富锦市
36%
安徽省 1766285 宿州市 埇桥区
36%
四川省 80467 阿坝藏族羌族自治州 阿坝县
36%
西藏自治区 25327 阿里地区 改则县
36%
新疆维吾尔自治区 571648 和田地区 墨玉县
36%
山西省 959198 临汾市 尧都区
29%
西藏自治区 12242 阿里地区 普兰县
29%
黑龙江省 402345 鸡西市 鸡冠区
21%
西藏自治区 26897 日喀则市 仲巴县
21%
西藏自治区 79001 昌都市 芒康县
21%
No matching quizzes found
Score Distribution
Percent of People with Each Score
Percentile by Number Answered
Your Score History
You have not taken this quiz